Guía fiscal de la vivienda / Valentín Pich Rosell ; con la colaboración de: José Manuel Cid Dacosta José Manuel Cid Dacosta
Publicado:
[Barcelona] :
Generalitat de Catalunya, Departament de Política Territorial i Obres Públiques, Direcció General d'Arquitectura i Habitatge : Cambra Oficial de la Propietat Urbana de Barcelona ,
1984
Descripción Física:
81 p. ; 24 cm
Otros Autores:
Cid Dacosta, José Manuel
,
Catalunya. Direcció General d'Arquitectura i Habitatge
,
Cambra Oficial de la Propietat Urbana de Barcelona
Materias:
Habitatge -- Impostos -- Espanya
MARC
| LEADER | 00000nam a2200000Ia 4500 | ||
|---|---|---|---|
| 001 | 14206 | ||
| 008 | 160829s1984 xx 000 0 cat d | ||
| 080 | |a M-4-168 | ||
| 100 | |a Pich Rosell, Valentín |9 26827 | ||
| 245 | |a Guía fiscal de la vivienda / Valentín Pich Rosell ; con la colaboración de: |b José Manuel Cid Dacosta | ||
| 260 | |a [Barcelona] : |b Generalitat de Catalunya, Departament de Política Territorial i Obres Públiques, Direcció General d'Arquitectura i Habitatge : |b Cambra Oficial de la Propietat Urbana de Barcelona, |c 1984 | ||
| 300 | |a 81 p. ; |c 24 cm | ||
| 650 | |a Habitatge |x Impostos |x Espanya |9 26828 | ||
| 700 | |a Cid Dacosta, José Manuel |9 26829 | ||
| 700 | |a Catalunya. Direcció General d'Arquitectura i Habitatge |9 26830 | ||
| 700 | |a Cambra Oficial de la Propietat Urbana de Barcelona |9 26831 | ||
| 901 | |a Arxiu | ||
| 942 | |n 1 | ||
| 952 | |0 0 |1 0 |4 0 |6 M4168 |7 1 |9 44162 |a Arxiu |b Arxiu |d 2016-12-01 |l 0 |o M-4-168 |p 14206 |r 2016-12-01 00:00:00 |w 2016-12-01 |y ARXIU | ||
| 999 | |c 46742 |d 46742 | ||